<?xml version="1.0" encoding="UTF-8"?><?xml-stylesheet type="text/xsl" href="static/style.xsl"?><OAI-PMH xmlns="http://www.openarchives.org/OAI/2.0/" xmlns:xsi="http://www.w3.org/2001/XMLSchema-instance" xsi:schemaLocation="http://www.openarchives.org/OAI/2.0/ http://www.openarchives.org/OAI/2.0/OAI-PMH.xsd"><responseDate>2026-04-14T16:59:16Z</responseDate><request verb="GetRecord" identifier="oai:uvadoc.uva.es:10324/6972" metadataPrefix="marc">https://uvadoc.uva.es/oai/request</request><GetRecord><record><header><identifier>oai:uvadoc.uva.es:10324/6972</identifier><datestamp>2021-06-29T10:15:18Z</datestamp><setSpec>com_10324_38</setSpec><setSpec>col_10324_852</setSpec></header><metadata><record xmlns="http://www.loc.gov/MARC21/slim" xmlns:doc="http://www.lyncode.com/xoai" xmlns:xsi="http://www.w3.org/2001/XMLSchema-instance" xmlns:dcterms="http://purl.org/dc/terms/" xsi:schemaLocation="http://www.loc.gov/MARC21/slim http://www.loc.gov/standards/marcxml/schema/MARC21slim.xsd">
<leader>00925njm 22002777a 4500</leader>
<datafield tag="042" ind1=" " ind2=" ">
<subfield code="a">dc</subfield>
</datafield>
<datafield tag="720" ind1=" " ind2=" ">
<subfield code="a">Picó Salvador, Raquel</subfield>
<subfield code="e">author</subfield>
</datafield>
<datafield tag="260" ind1=" " ind2=" ">
<subfield code="c">2014</subfield>
</datafield>
<datafield tag="520" ind1=" " ind2=" ">
<subfield code="a">Con este Trabajo Fin de Grado pretendo presentar una propuesta de intervención  de animación a la lectura que tiene como eje central el cuento El lápiz que encontró su nombre de Eliacer Cansino, que está dirigido a alumnos y alumnas  de Tercero de Educación Primaria y que formará parte de la biblioteca de aula.&#xd;
Esta propuesta de intervención tiene como objetivo primordial fomentar y transmitir el gusto por la lectura teniendo en cuenta tanto aspectos afectivos como intelectuales.</subfield>
</datafield>
<datafield tag="024" ind2=" " ind1="8">
<subfield code="a">http://uvadoc.uva.es/handle/10324/6972</subfield>
</datafield>
<datafield ind1=" " ind2=" " tag="653">
<subfield code="a">Lectura, Afición a la</subfield>
</datafield>
<datafield ind1=" " ind2=" " tag="653">
<subfield code="a">Cuentos</subfield>
</datafield>
<datafield tag="245" ind1="0" ind2="0">
<subfield code="a">Un lápiz para primaria. Una propuesta de animación a la lectura</subfield>
</datafield>
</record></metadata></record></GetRecord></OAI-PMH>